Visa free countries Quiz Stats

 Plays Quiz not verified by Sporcle

Score 0/64 Timer 08:00
0 Plays Today
country % Correct
US
91.7%
Canada
91.7%
Brazil
87.3%
South africa
87.3%
Japan
86.1%
New zealand
84.6%
Argentina
84%
Mexico
83.1%
Chile
80.8%
Peru
80.5%
South korea
78.7%
Jamaica
78.1%
Colombia
76%
Singapore
76%
Thailand
75.1%
Bahamas
74.9%
Malaysia
74.6%
Panama
73.4%
Uruguay
73.1%
Guyana
72.8%
Belize
72.5%
Ecuador
72.5%
Paraguay
72.2%
Costa rica
71.9%
Barbados
71.3%
Honduras
71.3%
UAE
71.3%
Israel
71.3%
Bolivia
71%
Venezuela
71%
Fiji
70.7%
Haiti
70.7%
country % Correct
Morocco
68.3%
Guatemala
67.2%
Dominica
67.2%
El salvador
66.6%
St kitts and nevis
66.6%
Nicaragua
66.3%
Antigua and barbuda
65.4%
St Lucia
65.4%
St Vincent and the grenadines
62.7%
Trinidad and Tobago
62.7%
Tonga
61.2%
Tuvalu
60.7%
Taiwan
60.1%
Grenada
60.1%
Tunisia
59.8%
Kiribati
59.2%
Vanuatu
58.9%
Philippines
58.6%
Solomon islands
58.6%
Palau
56.5%
Samoa
56.5%
Brunei
54.1%
Namibia
53.6%
Marshall islands
53.6%
Seychelles
52.4%
Botswana
51.5%
Swaziland
45.3%
Georgia
43.2%
Gambia
42.6%
Rwanda
37.6%
Senegal
36.7%
Malawi
31.7%

You're not logged in!

Compare scores with friends on all Sporcle quizzes.
OR
Log In

Show Comments

Extras

Top Quizzes Today


Score Distribution

Your Account Isn't Verified!

In order to create a playlist on Sporcle, you need to verify the email address you used during registration. Go to your Sporcle Settings to finish the process.

Report this User

Report this user for behavior that violates our Community Guidelines.

Details: